[Event "Pardubice Czech op 22nd"]
[Site "Pardubice"]
[Date "2011.07.25"]
[Round "4"]
[White "Sazonova, Elena"]
[Black "Biriukov, Oleg V"]
[Result "1-0"]
[WhiteElo "2131"]
[BlackElo "2339"]
[PlyCount "65"]
[EventDate "2011.07.22"]
[EventType "swiss"]
[EventRounds "9"]
[EventCountry "CZE"]
[SourceTitle "CBM 143 Extra"]
[Source "ChessBase"]
[SourceDate "2011.08.29"]
[SourceVersion "1"]
[SourceVersionDate "2011.08.29"]
[SourceQuality "1"]

1. e4 c5 2. Nf3 d6 3. d4 cxd4 4. Nxd4 Nf6 5. Nc3 a6 6. f4 e6 7. Qf3 Qb6 8. a3 Nc6 9. Nxc6 bxc6 10. Bd3 d5 11. b4 Qd4 12. Bd2 a5 13. Qf2 Qxf2+ 14. Kxf2 axb4 15. axb4 Rxa1 16. Rxa1 Bxb4 17. Ra8 0-0 18. e5 Bc5+ 19. Kf3 Nd7 20. Na4 Be7 21. Ra7 Re8 22. Rc7 Nb8 23. Nb6 Ba6 24. Bxa6 Bd8 25. Rc8 Nxa6 26. Rxc6 Nb8 27. Rc8 Na6 28. Nd7 f5 29. Ba5 Kf7 30. Bxd8 Nb4 31. Nc5 Kg6 32. c3 Na2 33. Nb7 1-0

[Event "Chigorin Memorial 18th"]
[Site "St Petersburg"]
[Date "2010.11.03"]
[Round "7"]
[White "Biriukov, Oleg V"]
[Black "Sukhareva, Evgenia"]
[Result "0-1"]
[WhiteElo "2345"]
[BlackElo "2176"]
[PlyCount "78"]
[EventDate "2010.10.28"]
[EventType "swiss"]
[EventRounds "9"]
[EventCountry "RUS"]
[SourceTitle "EXT 2011"]
[Source "ChessBase"]
[SourceDate "2010.11.26"]
[SourceVersion "1"]
[SourceVersionDate "2010.11.26"]
[SourceQuality "1"]

1. d4 d5 2. c4 e6 3. Nc3 c6 4. e4 dxe4 5. Nxe4 Bb4+ 6. Bd2 Qxd4 7. Bxb4 Qxe4+ 8. Be2 Na6 9. Ba5 b6 10. Qd6 Bd7 11. Bc3 Nh6 12. 0-0-0 0-0-0 13. Qa3 Kb7 14. Bxg7 e5 15. Rxd7+ Rxd7 16. Bxh8 Nf5 17. Qf3 Qd4 18. Qc3 Qxf2 19. Bxe5 Nc5 20. Bg3 Nxg3 21. Qxg3 Qd4 22. Qc3 Qf2 23. Qg3 Qd4 24. Qc3 Qf4+ 25. Kb1 Ne4 26. Qh3 Rd2 27. Nf3 Rxe2 28. Qd7+ Qc7 29. Rd1 Nc5 30. Qf5 Qe7 31. g4 Rf2 32. Re1 Qxe1+ 33. Nxe1 Rxf5 34. gxf5 Kc7 35. Nf3 Kd6 36. Kc2 Nd7 37. Kc3 Ke7 38. b4 Kf6 39. Kd3 Ne5+ 0-1

[Event "Chigorin Memorial 18th"]
[Site "St Petersburg"]
[Date "2010.11.02"]
[Round "6"]
[White "Mozharov, Mikhail"]
[Black "Biriukov, Oleg V"]
[Result "1-0"]
[WhiteElo "2494"]
[BlackElo "2345"]
[PlyCount "49"]
[EventDate "2010.10.28"]
[EventType "swiss"]
[EventRounds "9"]
[EventCountry "RUS"]
[SourceTitle "EXT 2011"]
[Source "ChessBase"]
[SourceDate "2010.11.26"]
[SourceVersion "1"]
[SourceVersionDate "2010.11.26"]
[SourceQuality "1"]

1. d4 Nf6 2. c4 e6 3. Nc3 Bb4 4. e3 0-0 5. Nge2 d5 6. a3 Be7 7. cxd5 Nxd5 8. Nxd5 exd5 9. Ng3 a5 10. Bd3 Bd6 11. Qf3 c6 12. e4 dxe4 13. Nxe4 Be7 14. 0-0 Nd7 15. Re1 Nb6 16. Qh5 g6 17. Qh6 Qxd4 18. Be3 Qxd3 19. Bxb6 Qd5 20. Bc5 Qxc5 21. Nxc5 Bxc5 22. Re4 f6 23. Rae1 Bf5 24. Re7 Bxe7 25. Rxe7 1-0

[Event "Chigorin Memorial 18th"]
[Site "St Petersburg"]
[Date "2010.11.01"]
[Round "5"]
[White "Biriukov, Oleg V"]
[Black "Balaian, Alina"]
[Result "1-0"]
[WhiteElo "2345"]
[BlackElo "2157"]
[PlyCount "81"]
[EventDate "2010.10.28"]
[EventType "swiss"]
[EventRounds "9"]
[EventCountry "RUS"]
[SourceTitle "EXT 2011"]
[Source "ChessBase"]
[SourceDate "2010.11.26"]
[SourceVersion "1"]
[SourceVersionDate "2010.11.26"]
[SourceQuality "1"]

1. d4 Nf6 2. c4 g6 3. Nc3 Bg7 4. e4 d6 5. Be2 0-0 6. Nf3 e5 7. 0-0 Nc6 8. d5 Ne7 9. Ne1 Nd7 10. Nd3 f5 11. Bd2 f4 12. Rc1 g5 13. b4 Nf6 14. h3 Ng6 15. c5 Nh4 16. Ne1 Qd7 17. Nf3 Nxg2 18. Nxg5 Qe8 19. Kxg2 Qg6 20. Rh1 Qxg5+ 21. Kf1 Qh4 22. Bf3 Bxh3+ 23. Ke2 Ng4 24. Qg1 h5 25. Be1 Rf6 26. Kd3 Rg6 27. Kc2 Kh7 28. Kb1 Bh6 29. Rd1 Rag8 30. Bg2 Ne3 31. fxe3 Qg4 32. Rxh3 Qxh3 33. Bxh3 Rxg1 34. Bf5+ Kh8 35. exf4 Bg7 36. fxe5 Rh1 37. exd6 cxd6 38. c6 bxc6 39. dxc6 Rxe1 40. Rxe1 Bxc3 41. Rc1 1-0

[Event "Chigorin Memorial 18th"]
[Site "St Petersburg"]
[Date "2010.10.31"]
[Round "4"]
[White "Yudin, Sergei"]
[Black "Biriukov, Oleg V"]
[Result "1-0"]
[WhiteElo "2521"]
[BlackElo "2345"]
[PlyCount "41"]
[EventDate "2010.10.28"]
[EventType "swiss"]
[EventRounds "9"]
[EventCountry "RUS"]
[SourceTitle "EXT 2011"]
[Source "ChessBase"]
[SourceDate "2010.11.26"]
[SourceVersion "1"]
[SourceVersionDate "2010.11.26"]
[SourceQuality "1"]

1. c4 c5 2. Nc3 g6 3. g3 Bg7 4. Bg2 Nc6 5. Nf3 e6 6. d4 Nxd4 7. Nxd4 cxd4 8. Nb5 Qb6 9. a4 a6 10. a5 Qc5 11. b4 Qxb4+ 12. Bd2 Qc5 13. Na3 Ne7 14. 0-0 Nc6 15. Qa4 0-0 16. Rab1 d6 17. Rb6 Bf6 18. Bxc6 bxc6 19. Bb4 Qg5 20. Qxc6 Ra7 21. Rb8 1-0

[Event "Chigorin Memorial 18th"]
[Site "St Petersburg"]
[Date "2010.10.30"]
[Round "3"]
[White "Biriukov, Oleg V"]
[Black "Zamyshlyaev, Anatoly"]
[Result "1-0"]
[WhiteElo "2345"]
[BlackElo "2058"]
[PlyCount "90"]
[EventDate "2010.10.28"]
[EventType "swiss"]
[EventRounds "9"]
[EventCountry "RUS"]
[SourceTitle "EXT 2011"]
[Source "ChessBase"]
[SourceDate "2010.11.26"]
[SourceVersion "1"]
[SourceVersionDate "2010.11.26"]
[SourceQuality "1"]

1. d4 e6 2. c4 d5 3. Nf3 Nf6 4. g3 c5 5. cxd5 exd5 6. Bg2 Be7 7. 0-0 0-0 8. Nc3 Nc6 9. Bg5 cxd4 10. Nxd4 h6 11. Be3 Bg4 12. Qa4 Ne5 13. Rad1 a6 14. Qb3 Nc4 15. Bf4 Na5 16. Qc2 Rc8 17. h3 Bh5 18. Qb1 Bg6 19. Nf5 d4 20. e4 Bxf5 21. exf5 Qb6 22. Ne2 Rfd8 23. Be5 Qb5 24. Bxf6 Bxf6 25. Nf4 Nc4 26. a4 Qxb2 27. Bxb7 Rc7 28. Bxa6 Qxb1 29. Rxb1 Nd2 30. Rbc1 Rxc1 31. Rxc1 Bg5 32. Rc8 Rxc8 33. Bxc8 Bxf4 34. gxf4 Kf8 35. a5 d3 36. a6 Nf3+ 37. Kf1 Nd4 38. Ke1 Nc6 39. f6 gxf6 40. Kd2 Ke7 41. Kxd3 Kd6 42. Bb7 Na7 43. Kc4 f5 44. Bd5 f6 45. Bb7 Kc7 1-0

[Event "Chigorin Memorial 18th"]
[Site "St Petersburg"]
[Date "2010.10.28"]
[Round "1"]
[White "Biriukov, Oleg V"]
[Black "Gusev, Boris"]
[Result "1-0"]
[WhiteElo "2345"]
[BlackElo "1759"]
[PlyCount "23"]
[EventDate "2010.10.28"]
[EventType "swiss"]
[EventRounds "9"]
[EventCountry "RUS"]
[SourceTitle "EXT 2011"]
[Source "ChessBase"]
[SourceDate "2010.11.26"]
[SourceVersion "1"]
[SourceVersionDate "2010.11.26"]
[SourceQuality "1"]

1. d4 d5 2. c4 e6 3. Nc3 Nf6 4. cxd5 Nxd5 5. e4 Nxc3 6. bxc3 Be7 7. Nf3 0-0 8. Bd3 b6 9. e5 Bb7 10. h4 c5 11. Bxh7+ Kxh7 12. Ng5+ 1-0

[Event "Pardubice op rap 21st"]
[Site "Pardubice"]
[Date "2010.07.21"]
[Round "2"]
[White "Stocek, Jiri"]
[Black "Biriukov, Oleg V"]
[Result "1-0"]
[WhiteElo "2587"]
[BlackElo "2359"]
[PlyCount "63"]
[EventDate "2010.07.21"]
[EventType "swiss (rapid)"]
[EventRounds "9"]
[EventCountry "CZE"]
[SourceTitle "CBM 137 Extra"]
[Source "ChessBase"]
[SourceDate "2010.09.01"]
[SourceVersion "1"]
[SourceVersionDate "2010.09.01"]
[SourceQuality "1"]

1. d4 Nf6 2. c4 e6 3. Nc3 Bb4 4. Nf3 b6 5. Bg5 h6 6. Bh4 g5 7. Bg3 Ne4 8. Qc2 Bb7 9. e3 d6 10. Bd3 Bxc3+ 11. bxc3 f5 12. c5 bxc5 13. Qb3 Qc8 14. Bxe4 fxe4 15. Nd2 cxd4 16. cxd4 Bd5 17. Qc2 Qb7 18. 0-0 Qc6 19. Qd1 Nd7 20. Rc1 Qb7 21. Qc2 Ke7 22. f3 exf3 23. gxf3 e5 24. dxe5 Nxe5 25. Bxe5 dxe5 26. Qf5 Rae8 27. Qxe5+ Kd8 28. Qd4 Kc8 29. Rb1 Qa8 30. e4 Bb7 31. Rfc1 Rh7 32. Nc4 1-0